| 000 | 00384 a2200133 4500 | ||
|---|---|---|---|
| 001 | ART_11276 | ||
| 005 | 20260410161855.0 | ||
| 008 | 260409a | ||
| 245 | 1 | 0 | _aLa industria alimenticia en Córdoba |
| 100 | 1 | _aFrediani, Ramón O. | |
| 700 | 1 | _aBlanco, Agustín | |
| 700 | 1 | _aBranda, Luis | |
| 773 | 0 |
_tRevista de Economía _g- Nº 56 (jul./sep. 1989) _wREV11077 |
|
| 999 |
_c25419 _d25419 |
||